| 000 | 00374nam a22001577a 4500 | ||
|---|---|---|---|
| 020 | _a9789359627267 | ||
| 082 |
_aM4 _bRAV/K |
||
| 100 | _aRavi Menon | ||
| 245 |
_aKaathoram/ _cby Ravi Menon |
||
| 260 |
_aKozhikode: _bMathrubhumi Books, _c2024. |
||
| 300 | _a206p. | ||
| 650 | _aEssays Malayalam | ||
| 650 | _aLiterature Malayalam | ||
| 650 | _aLiterature | ||
| 942 | _cBK | ||
| 999 |
_c181880 _d181880 |
||